1113 1141 1405 1998 1949 1797 1346 1273 1453 1501 1781 1716 2000 1914 1295 1840 1296 1394 1057 1031 1643 1345 1951 1703 1722 1397 1744 1814 1254 1093 1389 1958 1914 1387 1744 1978 1247 1376 1941 1601 1282 1164 1111 1770 1705 1914 1796 1780 1224 1681 1586 1355 1980 1031 1810 1583 1631 1117 1726 1107 1751 1525 1893 1256 1472 1084 1595 1892 1171 1495 1555 1072 1825 1928 1077 1981 1056 1374 1811 1066 1567 1341 1591 1736 1156 1743 1309 1898 1005 1685 1861 1911 1171 1867 1915 1265 1083 1644 1841 BCNSPRNW ULIB Ver.6.0+V

เปลี่ยนเป็นภาษาไทย

Change to English
 แสดงรายละเอียดบรรณานุกรม
  กลับหน้าหลัก

Brief Record : Get Marc (ISO 2709) : E-mail record : QR code < ปิดหน้าต่าง
LEADER : 00000nam 2200000uu 4500
001    13399121864
003     ULIB
008    121212s2549||||th 000 0 tha d
020    ^a9749449592
060 04 ^aWE251^bก344 2549
245 00 ^aกระดูกพรุน /^cกองบรรณาธิการใกล้หมอ ; บรรณาธิการ, เอื้อมพร สกุลแก้ว
260    ^aกรุงเทพฯ :^bใกล้หมอ,^c2549
300    ^a143 หน้า ;^c21 ซม.
650  7 ^aกระดูกพรุน
700 0  ^aเอื้อมพร สกุลแก้ว,^eบรรณาธิการ
710 2  ^aกองบรรณาธิการใกล้หมอ
945    ^p155^l0^i14926
995    ^aกัณชพร
999 ^a ใช้งานได้ทุกระบบ
รายการนี้ยังไม่มีแท็ก
คุณยังไม่ได้ล็อกอิน คุณสามารถมีกิจกรรมร่วมกับเว็บไซต์ได้ แต่ต้องล็อกอินก่อน ::
  ล็อกอิน

รายการสื่อสารสนเทศ

ลำดับที่ ประเภท เลขเรียก/บาร์โค้ด สถานที่ สถานะ
1. วิทยาศาสตร์การแพทย์ และสุขภาพ
วิทยาศาสตร์การแพทย์ และสุขภาพ
WE251 ก344 2549  
  Barcode: 14926
ห้องสมุดวิทยาเขตสวรรค์ประชารักษ์
►หนังสือทั่วไป
บนชั้น

รายการใกล้เคียง
    หัวเรื่อง [กระดูกพรุน]

BibComment


ยังไม่เคยถูกคอมเมนท์

คอมเมนท์ทรัพยากรรายการนี้
  คอมเมนท์: กระดูกพรุน กองบ..


 Copyright 2026. Bcnsprnw @Library